000 02450cam a22005658i 4500
001 21846832
005 20210629144418.0
008 201217t20212021nyu c 000 1 eng
010 _a 2020056933
020 _a9781338662160
_q(hardback)
020 _z9781338662184
_q(ebook)
040 _aNJQ/DLC
_beng
_erda
_cDLC
042 _alcac
_apcc
050 0 0 _aPZ7.M7135
_bNi 2021
082 0 4 _a[Fic]
_223
092 _ajunior fiction
_bMlynowski
100 1 _aMlynowski, Sarah,
_eauthor.
_977460
245 1 0 _aNight owl /
_cby Sarah Mlynowski, Emily Jenkins, and Lauren Myracle.
250 _aFirst edition.
263 _a2106
264 1 _aNew York :
_bScholastic Press, an imprint of Scholastic Inc.,
_c2021.
264 4 _c©2021
300 _apages cm.
336 _atext
337 _aunmediated
338 _avolume
490 1 _aUpside-down magic ;
_vbook 8
520 _aTonight is the Big Night sleepover at Dunwiddle Magic School, when all the fifth graders stay overnight at school and participate in the scavenger hunt, except Nory's friend Elliott is attending a concert at rival Sage Academy where he plans to attend after the winter break--but if Nory can convince her fellow upside-down magic friends to take the hunt seriously, cooperate, and win, than maybe she can convince Elliott to stay at Dunwiddle.
521 _aAges 8-12.
_bScholastic Press.
521 _aGrades 4-6.
_bScholastic Press.
650 0 _aMagic
_vJuvenile fiction.
_95673690
650 0 _aTreasure hunt (Game)
_vJuvenile fiction.
_95706214
650 0 _aSleepovers
_vJuvenile fiction.
_95689331
650 0 _aMiddle schools
_vJuvenile fiction.
_95675274
650 0 _aFriendship
_vJuvenile fiction.
_95673647
650 0 _aCooperativeness
_vJuvenile fiction.
_95695189
650 1 _aMagic
_vFiction.
_95673694
650 1 _aTreasure hunt (Game)
_vFiction.
_95706784
650 1 _aSleepovers
_vFiction.
_95694990
650 1 _aMiddle schools
_vFiction.
_95675986
650 1 _aSchools
_vFiction.
_95673727
650 1 _aFriendship
_vFiction.
_95673769
650 1 _aCooperativeness
_vFiction.
_95674920
655 7 _aFantasy fiction.
_2lcgft
700 1 _aMyracle, Lauren,
_d1969-
_eauthor.
_947806
700 1 _aJenkins, Emily,
_d1967-
_eauthor.
_943808
800 1 _aMlynowski, Sarah.
_tUpside-down magic ;
_v8.
_96006968
906 _a7
_bcbc
_corignew
_d1
_eecip
_f20
_gy-gencatlg
942 _2ddc
_cBOOK
999 _c362841
_d362841